[Event "Monte Grande FASGBA-ch"]
[Site "Monte Grande"]
[Date "2018.03.11"]
[Round "6.7"]
[White "Scagliarini, Mauro"]
[Black "Rojo Lynch, Enrique"]
[Result "1-0"]
[WhiteElo "1850"]
[BlackElo "1891"]
[PlyCount "99"]
[EventDate "2018.03.03"]
[EventType "swiss"]
[EventRounds "6"]
[EventCountry "ARG"]
[SourceTitle "EXT 2024"]
[Source "ChessBase"]
[SourceDate "2023.10.10"]
[SourceVersion "1"]
[SourceVersionDate "2023.10.10"]
[SourceQuality "1"]

1. e4 e5 2. Nf3 Nc6 3. Bb5 f5 4. d3 fxe4 5. dxe4 Nf6 6. 0-0 Bc5 7. Nc3 d6 8. Bg5 0-0 9. Nd5 Kh8 10. Nh4 Ne7 11. Nxf6 gxf6 12. Bh6 Rg8 13. Qf3 Ng6 14. Nf5 Be6 15. Rad1 c6 16. Bd3 Nh4 17. Qh5 Nxf5 18. exf5 Bc8 19. Bc4 d5 20. Rfe1 Qd7 21. Bd3 Bf8 22. f4 Bc5+ 23. Kh1 Bd6 24. c4 Qe8 25. Qh4 Qf7 26. c5 Bc7 27. fxe5 Bxe5 28. Bf4 Qg7 29. g3 Bxf4 30. Qxf4 Bd7 31. Qd6 Rge8 32. Qc7 b6 33. cxb6 axb6 34. Rxe8+ Rxe8 35. Qxb6 Qg4 36. Rf1 Qg7 37. a4 Qe7 38. a5 c5 39. a6 c4 40. Bc2 d4 41. Qxd4 Bc6+ 42. Kg1 Rd8 43. Qf2 Qd6 44. Re1 Qd2 45. Be4 Qd6 46. Bxc6 Qxc6 47. a7 Qb7 48. Ra1 Ra8 49. Qd4 Qc6 50. Re1 1-0

[Event "Monte Grande FASGBA-ch"]
[Site "Monte Grande"]
[Date "2018.03.10"]
[Round "4.5"]
[White "Scagliarini, Mauro"]
[Black "Araoz, Claudio Alberto"]
[Result "1-0"]
[WhiteElo "1850"]
[BlackElo "1913"]
[PlyCount "55"]
[EventDate "2018.03.03"]
[EventType "swiss"]
[EventRounds "6"]
[EventCountry "ARG"]
[SourceTitle "EXT 2024"]
[Source "ChessBase"]
[SourceDate "2023.10.10"]
[SourceVersion "1"]
[SourceVersionDate "2023.10.10"]
[SourceQuality "1"]

1. e4 c5 2. Nf3 d6 3. d4 cxd4 4. Nxd4 Nf6 5. Nc3 a6 6. h3 e5 7. Nf3 Be7 8. Bg5 Be6 9. Be2 0-0 10. Qd2 Nbd7 11. 0-0 Rc8 12. b3 Qc7 13. Nd5 Bxd5 14. exd5 Qxc2 15. Qxc2 Rxc2 16. Bc4 b5 17. Ne1 Rxc4 18. bxc4 bxc4 19. Nf3 Nxd5 20. Bxe7 Nxe7 21. Rfd1 d5 22. Rac1 Rc8 23. Nd2 c3 24. Ne4 d4 25. Nxc3 Rxc3 26. Rxc3 dxc3 27. Rxd7 Kf8 28. Rd8# 1-0

[Event "ARG-ch Amateur U2000"]
[Site "La Falda"]
[Date "2015.12.05"]
[Round "2.12"]
[White "Scagliarini, Mauro"]
[Black "Del Giudice, Juan Eduardo"]
[Result "0-1"]
[WhiteElo "1766"]
[BlackElo "1924"]
[PlyCount "102"]
[EventDate "2015.12.05"]
[EventType "swiss"]
[EventRounds "9"]
[EventCountry "ARG"]
[SourceTitle "EXT 2024"]
[Source "ChessBase"]
[SourceDate "2023.10.10"]
[SourceVersion "1"]
[SourceVersionDate "2023.10.10"]
[SourceQuality "1"]

1. e4 e5 2. Nf3 Nc6 3. Bb5 a6 4. Ba4 Nf6 5. 0-0 b5 6. Bb3 Be7 7. Re1 0-0 8. c3 d5 9. exd5 Nxd5 10. h3 Bf6 11. d3 Nb6 12. Qe2 Bf5 13. Bc2 Bg6 14. Nbd2 Re8 15. Nh2 Nd5 16. Qf3 Qd7 17. Ng4 Bg5 18. Bb3 Rad8 19. Ne4 Be7 20. Ng3 Bh4 21. Rd1 Bxg3 22. Qxg3 Kh8 23. Bd2 f6 24. a4 Nce7 25. axb5 axb5 26. Nh2 Nb6 27. Bc2 c5 28. Be3 Nf5 29. Qf3 Nxe3 30. Qxe3 Qd6 31. Ra6 Ra8 32. Rda1 Rxa6 33. Rxa6 Qc7 34. Ra5 Qc6 35. Ra6 Ra8 36. Rxa8+ Nxa8 37. Bd1 Nc7 38. c4 b4 39. Bf3 Qd6 40. Be2 Ne6 41. Nf3 Nf4 42. Ne1 Nxe2+ 43. Qxe2 Qd4 44. Qe3 Qxb2 45. Qxc5 h6 46. Qc8+ Kh7 47. Qg4 Qc1 48. Qe2 b3 49. h4 b2 50. h5 Bxh5 51. Qxh5 Qxe1+ 0-1

[Event "Buenos Aires FASGBA op"]
[Site "Buenos Aires"]
[Date "2015.08.05"]
[Round "4"]
[White "Tamayo, Jose Luis"]
[Black "Scagliarini, Mauro"]
[Result "0-1"]
[WhiteElo "1937"]
[BlackElo "1771"]
[PlyCount "66"]
[EventDate "2015.07.31"]
[EventType "swiss"]
[EventRounds "7"]
[EventCountry "ARG"]
[SourceTitle "EXT 2016"]
[Source "ChessBase"]
[SourceDate "2015.10.08"]
[SourceVersion "1"]
[SourceVersionDate "2015.10.08"]
[SourceQuality "1"]

1. Nc3 Nf6 2. f4 e6 3. Nf3 a6 4. e4 d6 5. d4 Be7 6. Bd3 0-0 7. 0-0 b5 8. a3 c5 9. e5 Nd5 10. Nxd5 exd5 11. exd6 Bxd6 12. dxc5 Bxc5+ 13. Kh1 h6 14. f5 Nd7 15. b4 Be7 16. Bb2 Bf6 17. Bd4 Bxd4 18. Nxd4 Qf6 19. Nf3 Re8 20. Qd2 d4 21. Qf4 Bb7 22. Qxd4 Bxf3 23. Qxf6 Bxg2+ 24. Kxg2 Nxf6 25. a4 Nd5 26. axb5 Ne3+ 27. Kf3 Nxf1 28. Bxf1 axb5 29. Rxa8 Rxa8 30. Bxb5 Kf8 31. Bc4 Ra4 32. c3 Ra3 33. b5 Rxc3+ 0-1

[Event "Buenos Aires op"]
[Site "Buenos Aires"]
[Date "2011.11.18"]
[Round "3"]
[White "Scagliarini, Mauro"]
[Black "Pascual, Diego Nicolas"]
[Result "0-1"]
[WhiteElo "1776"]
[BlackElo "1988"]
[PlyCount "88"]
[EventDate "2011.11.11"]
[EventType "swiss"]
[EventRounds "9"]
[EventCountry "ARG"]
[SourceTitle "CBM 145 Extra"]
[Source "ChessBase"]
[SourceDate "2012.01.03"]
[SourceVersion "1"]
[SourceVersionDate "2012.01.03"]
[SourceQuality "1"]

1. e4 Nf6 2. Nc3 e5 3. Nf3 Nc6 4. Bc4 Nxe4 5. Bxf7+ Kxf7 6. Nxe4 d5 7. Neg5+ Kg8 8. d4 h6 9. Nh3 Bg4 10. dxe5 Nxe5 11. Nf4 c6 12. Qd4 Nxf3+ 13. gxf3 Qe8+ 14. Be3 Bxf3 15. Rg1 Qe4 16. Ng6 Qxd4 17. Bxd4 Rh7 18. Kd2 Be4 19. Nxf8 Kxf8 20. f3 Bf5 21. Rae1 g6 22. Bc5+ Kg8 23. Re5 Rf7 24. Rge1 b6 25. Re8+ Rxe8 26. Rxe8+ Kh7 27. Bd4 g5 28. Rh8+ Kg6 29. Be3 c5 30. c3 Bb1 31. h4 d4 32. cxd4 cxd4 33. Bxd4 gxh4 34. Be3 Rh7 35. Rg8+ Kh5 36. Rg4 Bf5 37. Rf4 Rf7 38. Bf2 h3 39. Rh4+ Kg6 40. Be3 h5 41. a3 Rc7 42. Rf4 h2 43. Rh4 Rc2+ 44. Kd1 Rg2 0-1

[Event "Buenos Aires Bolivar op 4th"]
[Site "Buenos Aires"]
[Date "2011.06.23"]
[Round "9"]
[White "Scagliarini, Mauro"]
[Black "Juarez, Carlos Eleodoro"]
[Result "0-1"]
[WhiteElo "1791"]
[BlackElo "2087"]
[PlyCount "44"]
[EventDate "2011.06.13"]
[EventType "swiss"]
[EventRounds "9"]
[EventCountry "ARG"]
[SourceTitle "EXT 2014"]
[Source "ChessBase"]
[SourceDate "2013.11.20"]
[SourceVersion "1"]
[SourceVersionDate "2013.11.20"]
[SourceQuality "1"]

1. d4 d5 2. c4 c6 3. Nf3 Nf6 4. Nc3 dxc4 5. a4 Bf5 6. e3 e6 7. Bxc4 Bb4 8. 0-0 a5 9. Qb3 Qe7 10. h3 0-0 11. Ne2 Nbd7 12. Ng3 Bg6 13. Nh4 Rab8 14. Nxg6 hxg6 15. e4 e5 16. dxe5 Nxe5 17. Be2 Ned7 18. Bf4 Nc5 19. Qc2 Rbd8 20. f3 Ne6 21. Be3 Nd4 22. Bxd4 Rxd4 0-1

[Event "Buenos Aires Bolivar op 4th"]
[Site "Buenos Aires"]
[Date "2011.06.22"]
[Round "8"]
[White "Goldwaser, Romina"]
[Black "Scagliarini, Mauro"]
[Result "1-0"]
[WhiteElo "1975"]
[BlackElo "1791"]
[PlyCount "131"]
[EventDate "2011.06.13"]
[EventType "swiss"]
[EventRounds "9"]
[EventCountry "ARG"]
[SourceTitle "EXT 2014"]
[Source "ChessBase"]
[SourceDate "2013.11.20"]
[SourceVersion "1"]
[SourceVersionDate "2013.11.20"]
[SourceQuality "1"]

1. d4 d5 2. c4 e6 3. Nc3 Nf6 4. Bg5 Be7 5. e3 0-0 6. Nf3 a6 7. cxd5 exd5 8. Bd3 h6 9. Bh4 Be6 10. 0-0 Nc6 11. a3 Nd7 12. Bg3 f5 13. Qc2 Rc8 14. b4 Nb6 15. Ne2 Bd6 16. Bxd6 Qxd6 17. Rac1 Qe7 18. Nf4 Rf6 19. Qc5 Bf7 20. Ne5 Qe8 21. Nxf7 Qxf7 22. Be2 Ne7 23. Qc2 Rc6 24. Qb3 Nc4 25. Nxd5 Nxd5 26. Bxc4 Rd6 27. f3 Qe6 28. Rfe1 b5 29. Bxd5 Rxd5 30. Rc5 c6 31. Rec1 Kh8 32. Rxd5 cxd5 33. Rxc8+ Qxc8 34. Kf2 Qc4 35. Qb2 Qd3 36. h3 f4 37. exf4 Kh7 38. g4 h5 39. Kg3 h4+ 40. Kxh4 Qxf3 41. Qc2+ Kh8 42. Qc8+ Kh7 43. Qf5+ Kh8 44. Qe5 Qxa3 45. Qh5+ Kg8 46. Qxd5+ Kh8 47. Qc5 Qf3 48. Qf8+ Kh7 49. Qf5+ Kh8 50. d5 Qf2+ 51. Kg5 Qb6 52. Qf8+ Kh7 53. d6 Qc6 54. Qf5+ Kh8 55. Qe5 Qd7 56. f5 Qd8+ 57. Kf4 Kh7 58. Qe7 Qb6 59. Qh4+ Kg8 60. Qe7 Kh7 61. Ke5 Qe3+ 62. Kd5 Qd2+ 63. Ke6 Qe3+ 64. Kf7 Qb3+ 65. Qe6 Qc3 66. Qg6+ 1-0

[Event "Buenos Aires Bolivar op 4th"]
[Site "Buenos Aires"]
[Date "2011.06.14"]
[Round "2"]
[White "Benedetti, Julio"]
[Black "Scagliarini, Mauro"]
[Result "1-0"]
[WhiteElo "2018"]
[BlackElo "1791"]
[PlyCount "83"]
[EventDate "2011.06.13"]
[EventType "swiss"]
[EventRounds "9"]
[EventCountry "ARG"]
[SourceTitle "EXT 2014"]
[Source "ChessBase"]
[SourceDate "2013.11.20"]
[SourceVersion "1"]
[SourceVersionDate "2013.11.20"]
[SourceQuality "1"]

1. e4 c5 2. Nc3 Nc6 3. f4 d6 4. Nf3 Nf6 5. Bc4 e6 6. d3 Be7 7. 0-0 0-0 8. f5 exf5 9. a4 fxe4 10. dxe4 Bg4 11. Be2 h6 12. Bf4 Bxf3 13. Bxf3 Nd4 14. Qd2 Nxf3+ 15. Rxf3 Nh7 16. Rd1 Bg5 17. Qxd6 Bxf4 18. Qxf4 Qb6 19. Nb5 Qf6 20. e5 Qxf4 21. Rxf4 Ng5 22. Rd7 a6 23. Nd6 Rad8 24. Rxb7 Rb8 25. h4 Rxb7 26. Nxb7 Ne6 27. Rc4 Rb8 28. Nxc5 Nxc5 29. Rxc5 Rxb2 30. Rc4 Kf8 31. Kf2 Ke7 32. Ke3 Rb6 33. Ke4 Rg6 34. Rc7+ Ke8 35. c4 Rxg2 36. Rc6 Rg4+ 37. Kd5 Rxh4 38. Rxa6 Rh5 39. Ra8+ Ke7 40. Ra7+ Ke8 41. Kd6 f6 42. e6 1-0